Geography containing MA-MZ - Statistics

General Stats
  • This quiz has been taken 11 times
  • The average score is 6 of 26
Answer Stats
Contains: Clue Answer % Correct
MA Southern US state (7 letters) Alabama
100%
MD District of North London, and Philadelphia (6) Camden
70%
MC Risky peninsula to visit in eastern Russia (9) Kamchatka
70%
MF Stupid place to get chips in southern Scotland (8) Dumfries
40%
MN Main part of chemical lab installed onto end of aircraft carrier in German city (8) Chemnitz
30%
MR Weird guy, a man who meets me in an Armenian city (6) Gyumri
30%
MY Caribbean island bearing the name of a disciple, and a rascally Simpson (15) Saint Barthelemy
30%
MK Timid man who knew the way to Kazakh city (8) Shymkent
30%
MS Unusual trams made using Dutch capital (9) Amsterdam
20%
MB Cambodian city where flying creature turns around at the sound of a loud explosion (10) Battambang
20%
MW London suburb where tedious person sells pork meat next to a forest (11) Borehamwood
20%
MO Large Italian lake about 4,000 miles from the main island of the Comoros (12) Grande Comore
20%
MP Old county of old England (9) Hampshire
20%
MU Kenyan city where they show affection, but not completely or universal, when married to you (6) Kisumu
20%
MQ You fear plateau in the end, one in Xinjiang where a great city is found (6) Urumqi
20%
MI Alaskan isle whose name means the commanding body of a navy (15) Admiralty Island
10%
MH Town in Massachusetts where a strange hamster lives (7) Amherst
10%
MT A Jordanian city where people are registered in a hospital area (8) Ar Ramtha
10%
MJ Iraqi town where they put a double helping of marmalade on the first loaf (8) Jamjamal
10%
ML Town which is par for the course in Scotland (11) Dunfermline
10%
MV On Monday you are given the answer: yes, a town in Burundi (8) Muramvya
10%
MM Radius of safety established at grassy area in Irish county (9) Roscommon
10%
ME The country where you guys live (5) Yemen
10%
MZ Village in Mayotte containing oxygen and uranium, with an axis and iodine found in the vitamins (8) M'zouazia
0%
MG Use of force, a pistol, by somebody crazy back in Indian city (9) Ramgundam
0%
MX Chinese oasis city where you French come to a great country (6) Tumxuk
0%
No matching quizzes found
Score Distribution
Percent of People with Each Score
Percentile by Number Answered
Your Score History
You have not taken this quiz